Historia económica de la Europa Moderna
Uloženo v:
| Hlavní autoři: | , |
|---|---|
| Médium: | Kniha |
| Jazyk: | španělština |
| Vydáno: |
Ciudad de México
Fondo de Cultura Económica
1957
|
| Edice: | Sección de Obras de Economía
|
| Témata: | |
| Tagy: |
Přidat tag
Žádné tagy, Buďte první, kdo vytvoří štítek k tomuto záznamu!
|
MARC
| LEADER | 00000nam a2200000 a 4500 | ||
|---|---|---|---|
| 001 | UCP7633 | ||
| 003 | CL-VaPUC | ||
| 008 | 991217e19570000MX |||||||||||||||||spa|d | ||
| 082 | 0 | 4 | |a 330.094 |b FRI |2 21 |
| 100 | 0 | |a Friedlaender, H. E |e author |9 437122 | |
| 700 | 0 | |a Oser, J |e author |9 437123 | |
| 245 | 1 | 0 | |a Historia económica de la Europa Moderna |
| 300 | |a 695 p | ||
| 942 | |c BK | ||
| 945 | |d 19991217 00:00:00 |a crobeson | ||
| 260 | |a Ciudad de México |b Fondo de Cultura Económica |c 1957 | ||
| 650 | 7 | |a ECONOMIA EUROPEA |2 CL-VaPUC |9 437124 | |
| 650 | 0 | |a Historia económica |9 307218 | |
| 650 | 0 | |a Revolución industrial |9 309422 | |
| 650 | 0 | |a Industrialización |9 263687 | |
| 650 | 7 | |a COMERCIO INTERNACIONAL |2 CL-VaPUC |9 437125 | |
| 650 | 0 | |a Capitalismo |9 255255 | |
| 650 | 0 | |a Política comercial |9 259070 | |
| 650 | 7 | |a LUCHA SOCIAL |2 CL-VaPUC |9 393208 | |
| 650 | 0 | |a Desarrollo industrial |9 322675 | |
| 650 | 0 | |a Agricultura |9 255598 | |
| 650 | 0 | |a Primera Guerra Mundial |9 373283 | |
| 650 | 0 | |a Segunda Guerra Mundial |9 325982 | |
| 650 | 7 | |a CRISIS ECONOMICA |2 CL-VaPUC |9 437126 | |
| 651 | 0 | |a Europa |9 255156 | |
| 583 | |a last modification |c 19991217 00:00:00 |k Rodrigo Vera | ||
| 490 | 0 | |a Sección de Obras de Economía | |
| 999 | |c 284750 |d 284748 | ||
| 952 | |0 0 |1 0 |4 0 |6 330_094000000000000_FRI_1957 |7 0 |8 A |9 328966 |a BIBHIS |b BIBHIS |d 2019-11-20 |i 1373110 |o 330.094 FRI 1957 |p 1373110 |r 2025-01-20 |w 2019-11-20 |y BK |k HIS | ||